000 00575nam a2200217Ia 4500
003 OSt
005 20220923230925.0
006 a|||||r|||| 00| 0
007 ta
008 Pun
024 _a306,505
037 _cTextual
040 _aARTS
_cARTS
_bPun
041 _2Pun
_aPun
082 _aQ8441wM, 153M9
100 _aਆਜਿਗ਼, ਸੰਤਾ ਸਿੰਘ
245 0 _aਹੁਕਮਿ ਰਜਾਈ ਚੱਲਣਾ
260 _c1989
942 _hQ8441wM, 153M9
_cTEXL
_2CC
999 _c388285
_d388285